| 000 | 00427pab a2200169 454500 | ||
|---|---|---|---|
| 008 | 180718b1997 xxu||||| |||| 00| 0 eng d | ||
| 100 | _aMukherjee, Kampan | ||
| 245 | _aFuzzy reasoning in managerial decision making - an overview | ||
| 260 | _c1997 | ||
| 300 | _ap.304-12 | ||
| 362 | _aJul-Sep | ||
| 650 | _aDecision making | ||
| 650 | _aManagement | ||
| 700 | _aKar, Chinmaya | ||
| 773 | _aProductivity | ||
| 909 | _a36407 | ||
| 999 |
_c36407 _d36407 |
||